000 00579nam a2200205Ia 4500
003 IN-BaIIA
008 211028s9999 xx 000 0 eng d
020 _a0-309-02144-8
040 _cIIA Library
080 _a535
_bTHO
100 _aThompson, B. J
_98381
245 0 _aSpace optics
_cB. J. Thompson and R. R. Shannon
260 _aWashington
_bNational Academy of Sciences
_c1974
300 _aviii, 841p.
650 _aAstronomical Instruments
_94304
650 _aAstronomy and Astrophysics Thesaurus
650 _aOptics
700 _aShannon, R. R
_98382
942 _cBK
999 _c4724
_d4724